AEW Women's World Championship History - Statistics

General Stats
  • This quiz has been taken 5 times
  • The average score is 17 of 33
Answer Stats
Answer % Correct
Hikaru Shida
100%
Kris Statlander
100%
Mercedes Mone
100%
Nyla Rose
100%
Toni Storm
100%
Dr. Britt Baker DMD
75%
Mariah May
75%
Megan Bayne
75%
Riho
75%
Saraya
75%
Thekla
75%
Thunder Rosa
75%
Anna Jay
50%
Emi Sakura
50%
Jamie Hayter
50%
Marina Shafir
50%
Mina Shirakawa
50%
Ruby Soho
50%
Willow Nightingale
50%
Abadon
25%
Athena
25%
Big Swole
25%
Billie Starkz
25%
Deonna Purrazzo
25%
Miyu Yamashita
25%
Penelope Ford
25%
Red Velvet
25%
Ryo Mizunami
25%
Serena Deeb
25%
Skye Blue
25%
Taya Valkyrie
25%
Tay Conti
25%
Yuka Sakazaki
25%
No matching quizzes found
Score Distribution
Percent of People with Each Score
Percentile by Number Answered
Your Score History
You have not taken this quiz